Topics in group rings
Αποθηκεύτηκε σε:
| Κύριος συγγραφέας: | |
|---|---|
| Μορφή: | Βιβλίο |
| Γλώσσα: | English |
| Δημοσίευση: |
New York :
M. Dekker,
c1978
|
| Σειρά: | Monographs and textbooks in pure and applied mathematics ;
; 50 |
| Θέματα: | |
| Ετικέτες: |
Προσθήκη ετικέτας
Δεν υπάρχουν, Καταχωρήστε ετικέτα πρώτοι!
|
MARC
| LEADER | 00000cam a2200000 i 4500 | ||
|---|---|---|---|
| 001 | 1/52181 | ||
| 008 | 941103s1978 eng d | ||
| 020 | |a 0824767551 | ||
| 035 | |l 10044353 | ||
| 035 | |a 1993 |c ΑΝΟΥΣΗΣ | ||
| 040 | |a GR-MY-UA |b gre |e aacr | ||
| 041 | 0 | |a eng | |
| 082 | 0 | |a 512.22 | |
| 100 | 1 | |a Sehgal, Sudarshan K. |d 1936- | |
| 245 | 1 | 0 | |a Topics in group rings / |c Sudarshan K. Sehgal |
| 260 | |a New York : |b M. Dekker, |c c1978 | ||
| 300 | |a vi, 251 p.; |c 24 cm | ||
| 490 | 1 | |a Monographs and textbooks in pure and applied mathematics |v ; 50 | |
| 504 | |a Includes bibliography and index | ||
| 650 | 0 | 0 | |a Group rings. |
| 830 | 0 | |a Monographs and textbooks in pure and applied mathematics ; |v ; 50 | |
| 852 | |a INST |b SAMOS |e 19941103 |h 512.2 SEH |p 005300003135 |q 005300003135 |t BK |y 0 | ||
| 909 | |a Σ |b 026870 | ||